00499nam a22001697a 450000500170000000800410001702000220005808200200008010000270010024500490012726000480017630000230022450400190024754100090026665000210027565000330029620230216021046.0230216b |||||||| |||| 00| 0 eng d a978-1-84078-820-4 a005.5 P931 2018 aPrice, Michaeleauthor aOffice 2019:bin easy steps /cMichael Price aUnited Kingdom:bEasy Steps Limited,cc2018 a240p.: bcol. ill. aIncludes index e6362 aMicrosoft office aBusiness - Computer programs